000 00503nam a22001817a 4500
005 20240902115724.0
008 240831b |||||||| |||| 00| 0 eng d
020 _a978-93-5350-619-3
041 _aeng
082 _a543 SKO
100 _aSKOOG, DOUGLAS A., HOLLER, F. JAMES AND CROUCH, STANLEY R.
_98476
245 _aPRINCIPLES OF INSTRUMENTAL ANALYSIS
250 _a7TH ED.
260 _aNEW DELHI
_bCENGAGE AUSTRALIA
300 _a957; P
650 _aPHARMACY
_xM .PHARMA
_98499
942 _cBK
999 _c8603
_d8601